|
|
|
|
| LEADER |
00000cam a2200000 4500 |
| 001 |
vtls012243452 |
| 003 |
SK-MaSNL |
| 005 |
20260301082348.0 |
| 008 |
231107s2023 xo o e n 010 0 slo |
| 015 |
|
|
|a SNBA2024/03
|
| 020 |
|
|
|a 9788082421869
|q (viazané)
|
| 040 |
|
|
|a SNK
|b slo
|c SNK
|e rda
|
| 041 |
1 |
|
|a slo
|h eng
|
| 044 |
|
|
|a xo
|c SK
|
| 072 |
|
7 |
|a 327
|x Medzinárodné vzťahy, svetová politika
|2 konspekt
|
| 072 |
|
7 |
|a 520
|x Astronomické prístroje a metódy
|2 konspekt
|
| 080 |
|
|
|a 524.8
|2 2011
|
| 080 |
|
|
|a 327(100)
|2 2011
|
| 080 |
|
|
|a 520:001.891
|2 2011
|
| 080 |
|
|
|a 32
|2 2011
|
| 080 |
|
|
|a 520:338.23
|2 2011
|
| 080 |
|
|
|a 520:005.591-027.543
|2 2001
|
| 080 |
|
|
|a 32:911.3
|2 2011
|
| 080 |
|
|
|a (048.8)
|2 2011
|
| 080 |
|
|
|a 911.3:32
|2 2011
|
| 080 |
|
|
|a 327.5
|2 2011
|
| 100 |
1 |
|
|a Marshall, Tim,
|d 1959-
|4 aut
|9 180689
|
| 240 |
1 |
4 |
|a The future of geography
|l Slovensky
|
| 245 |
1 |
0 |
|a Budúcnosť geografie
|c Tim Marshall ; z angličtiny preložil Tomáš Mrva
|
| 246 |
1 |
|
|i Obálkový podnázov:
|a Ako moc a politika vo vesmíre zmenia náš svet
|
| 250 |
|
|
|a Prvé vydanie
|
| 264 |
|
1 |
|a [Bratislava]
|b Premedia
|c 2023
|
| 300 |
|
|
|a 230 strán
|b fotografie
|c 23 cm
|
| 336 |
|
|
|a text
|b txt
|2 rdacontent
|
| 337 |
|
|
|a bez média
|b n
|2 rdamedia
|
| 338 |
|
|
|a zväzok
|b nc
|2 rdacarrier
|
| 490 |
1 |
|
|a Civilizácia
|v 40. zväzok
|
| 500 |
|
|
|a Na obálke: Moderné dejiny
|
| 504 |
|
|
|a Obsahuje bibliografiu na strane 221-230
|
| 648 |
|
7 |
|a 20.-21. storočie
|2 SNKPH
|9 302531
|
| 650 |
0 |
7 |
|a vesmír
|2 SNKPH
|9 1770
|
| 650 |
0 |
7 |
|a kozmický výskum
|2 SNKPH
|9 28861
|
| 650 |
0 |
7 |
|a politické aspekty
|2 SNKPH
|9 3867
|
| 650 |
0 |
7 |
|a kozmická politika
|2 SNKPH
|9 135627
|
| 650 |
0 |
7 |
|a kozmické programy a projekty
|2 SNKPH
|9 198816
|
| 650 |
0 |
7 |
|a geopolitika
|2 SNKPH
|9 4679
|
| 650 |
0 |
7 |
|a svetová politika
|2 SNKPH
|9 3783
|
| 650 |
0 |
7 |
|a politická geografia
|2 SNKPH
|9 1069
|
| 650 |
0 |
7 |
|a veľmoci
|2 SNKPH
|9 4802
|
| 650 |
0 |
7 |
|a Universe
|2 SNKPHeng
|9 310664
|
| 650 |
0 |
7 |
|a Space research
|2 SNKPHeng
|9 312793
|
| 650 |
0 |
7 |
|a Political aspects
|2 SNKPHeng
|9 305784
|
| 650 |
0 |
7 |
|a Space policy
|2 SNKPHeng
|9 407170
|
| 650 |
0 |
7 |
|a Space programs and projects
|2 SNKPHeng
|9 407171
|
| 650 |
0 |
7 |
|a Geopolitics
|2 SNKPHeng
|9 315868
|
| 650 |
0 |
7 |
|a Political geography
|2 SNKPHeng
|9 305738
|
| 650 |
0 |
7 |
|a Great powers
|2 SNKPHeng
|9 371091
|
| 650 |
0 |
7 |
|a World politics
|2 SNKPHeng
|9 286815
|
| 655 |
|
7 |
|a monografie
|2 SNKPH
|9 70139
|
| 655 |
|
7 |
|a Monographs
|2 SNKPHeng
|9 120675
|
| 700 |
1 |
|
|a Mrva, Tomáš,
|d 1980-
|4 trl
|9 26661
|
| 830 |
|
0 |
|a Civilizácia
|9 312002
|
| 852 |
|
|
|a Slovenská národná knižnica
|
| 919 |
|
|
|a 978-80-8242-186-9
|
| 954 |
|
|
|a odborná, vedecká literatúra cudzojazyčná (svetová)
|2 lita
|
| 958 |
|
|
|a NB
|
| 958 |
|
|
|a OP
|
| 968 |
|
|
|b ENG
|
| 999 |
|
|
|c 658313
|d 660243
|
| 952 |
|
|
|a SNK
|b SNK
|y PREZ
|7 0
|p 17A1544879
|o snkSC 205336
|i snk2024/3119
|8 0
|0 0
|1 0
|4 0
|d 2024-02-23
|l 0
|r 2025-10-28 00:00:00
|w 2026-02-23
|
| 952 |
|
|
|a SNK
|b SNK
|y VYP
|7 0
|p 17A1545591
|o snkSC 205336 D1
|i snk2024/4883
|8 0
|0 0
|1 0
|4 0
|d 2024-03-22
|l 0
|r 2026-02-23 18:44:38
|w 2026-02-23
|